00382 a2200145 450000100060000002000180000608200170002410000200004124500800006125000090014126000320015030000150018250000240019750500150022183046 a9780070700123 a629.1323 AND aJohn D Anderson aFundamentals of Aerodynamics (in SI Units) 5th/EdcJohn D AndersonhEnglish a5 th aNew DelhibTata McGraw Hill axxv 1034 p aCAE Reference Books aNUST Books